000 00677nam a2200289Ia 4500
005 20260324144613.0
008 008 260324s9999 xx 000 0 eng d
020 _a9780203840443
037 _aEBOOK
040 _aCRL
040 _beng
040 _cCRL
041 _2eng
041 _aeng
084 _qCRL
100 _aBernhard Glaeser
_91211391
245 4 _aThe Green Revolution Revisited
245 0 _bCritique and Alternatives
260 _bTaylor and Francis
260 _c1987
365 _a
365 _b240
856 _uhttp://www.taylorfrancis.com/books/9780203840443
942 _cEBOOK
999 _c1826747
_d1826747